02738nkc a2200373za 450000100060000000300040000600500170001000700070002700800410003404000240007510000410009924500500014026000240019030001010021450003530031550001930066850000650086150001340092650001700106050400520123050500490128251001510133151002100148256101300169261000790182265100260190165500400192770000600196785200120202785601500203994200250218995201330221499900170234784634OSt20260323124530.0kh boc250410s19101911sp ||||| ||||||0| i|spa d aM-RABAbspacM-RABA1 aElorza, Lorenzod(1861-1931)911106810aMarañónb: Fachada de la iglesiac/ L. E. c[ca. 1910 – 1911] a1 fotografía b: gelatina de plata c; imagen 12 x 17 cm c; soporte secundario 21,5 x 26,5 cm aVista de la fachada sur de la iglesia parroquial de Nuestra Señora de la Asunción en Marañón. Construida con muros de sillería, presenta un acceso elevado por encima del nivel del suelo y protegido por un tejado de madera y teja a tres aguas. Delante de la fachada figura un grupo de personas entre los que se encuentra Federico Baraibar. aFotografía montada sobre soporte secundario de cartulina azul enmarcada con orla en relieve. Título y numeración manuscrita que hace referencia a la posición en la serie “118”. aSello con monograma del fotógrafo en tinta roja “L.E.” aFechas tomadas de la ejecución del positivo de las fotografías, incluido el soporte secundario. (Soto Madrazo, Javier. 2008). aForma parte de un conjunto de 167 fotografías empleadas por Federico Baráibar Zumárraga para la elaboración del Inventario del Románico en Álava (1911).  aBaraibar, F.: "Rincones artísticos", M. 1914. aMarañón.- Fachada de la Iglesia. / L. E. aDescripción tomada de: Soto Madrazo, Javier (2008). Federico Baraibar y el Inventario del Románico en Álava: una caja con 167 fotografías. aEsta colección fue utilizada posteriormente por Cristóbal de Castro para la elaboración y publicación del "Catálogo Monumental de España: provincia de Álava", Madrid, S. de Rivadeneira, 1915. aDonadas junto con la memoria manuscrita a la Academia por el mismo Baraibar (Sesión 12 de febrero de 1912, Archivo: 4-32-1)27aIglesia Parroquial Nuestra Señora de la Asunción (Marañón)9111636 7aÁlava2embne975661 0aFotografías de monumentos91115801 aBaráibar y Zumárraga, Federico d(1851-1918)912926 jFot-227 3Fot-227uhttps://archivoybiblioteca.realacademiabellasartessanfernando.com/cgi-bin/koha/opac-retrieve-file.pl?id=d2e5ecd119caf2c2ebb39c14f90e6ac3 2ddccFOTOGRAFÍAn0 00102ddc40708FOTOGRAFIAaRABASFbRABASFcDP2d2025-04-30l0oFot-227p1095520r2025-04-30 10:10:55w2025-04-30yFOTOGRAFÍA c84634d84634